000 00550nam a2200229Ia 4500
003 OSt
005 20220924151714.0
006 a|||||r|||| 00| 0
007 ta
008 220923b |||||||| |||| 00| 0 tel d
024 _a338783
037 _cTextual
040 _aARTS
_cARTS
_btel
041 _2tel
_atel
082 _aR65,6, 35K1
100 _aVenkateswarlu
245 0 _aGeetha kathanjali
260 _c1961
650 _aPHILOSOPHY
942 _hR65,6, 35K1
_cTEXL
_2CC
999 _c467483
_d467483